000 00641nam a22002417a 4500
003 UA-OsUOA
001 89762
007 ta
008 20121109b un ||||| |||| 00| 0 ukr d
100 _aГоловченко И.
700 _aМусиенко А.
090 _a821.161.2
_bГ61
942 _cBK
040 _aUA-OsUOA
_brus
_cUA-OsUOA
_dUA-OsUOA
245 _aДнепровский вал
_bроман
300 _a459 с.
955 _a3
041 _arus
080 _a821.161.2
260 _aМ.
_bВоениздат
_c1982
650 7 _a82 Література. Літературознавство
_2UDC
999 _c376053
_d376053